Slovenskí študenti na českých vysokých školách

Počty študentov na slovenských vysokých školách zaznamenávajú z roka na rok pokles. Je to z dôvodu vývoja demografickej situácie v SR a z využívania možnosti štúdia v zahraničí. V štúdii sa zameriavame na zmapovanie vývojových trendov, ktoré súvisia s počtom študujúcich Slovákov na českých vysokých...

Ausführliche Beschreibung

Gespeichert in:
Bibliographische Detailangaben
1. Verfasser: Blanár, František
Format: Buchkapitel
Sprache:Slowakisch
Schlagworte:
Tags: Tag hinzufügen
Keine Tags, Fügen Sie das erste Tag hinzu!

MARC

LEADER 00000naa a2200000 4500
001 0269587
005 20201028114600.6
041 0 |a slo 
044 |a SK 
245 1 0 |a Slovenskí študenti na českých vysokých školách  |c František Blanár 
520 |a Počty študentov na slovenských vysokých školách zaznamenávajú z roka na rok pokles. Je to z dôvodu vývoja demografickej situácie v SR a z využívania možnosti štúdia v zahraničí. V štúdii sa zameriavame na zmapovanie vývojových trendov, ktoré súvisia s počtom študujúcich Slovákov na českých vysokých školách. Tieto údaje sú vsadené do kontextu celkového vývoja počtu študentov na slovenských vysokých školách, ako aj demografického vývoja obyvateľstva Slovenska. 
610 2 0 |a školy vysoké 
610 2 0 |a študenti 
610 2 0 |a štúdium v zahraničí 
610 2 0 |a Slovensko 
610 2 0 |a Česko 
100 1 |a Blanár, František